000 01012nam0a22002531 4500
001 rc\2693914
005 20260408150944.0
035 _a(NLR Aleph) 006822121
090 _a6454847
_c6454847
100 _a20110915d1933 u y0rusy50 ca
101 0 _arus
102 _aRU
105 _ay z |||||
200 1 _aСборник заданий по вопросам истории партии и ленинизма
_eСборник подготовлен к печати и ред. т. Агушевичем и Минасяном
210 _aМосква
_cАкад.
_d1933
_gтип. ВАММ
215 _a32 с., 1 с. на обл.
_d19х13 см.
702 1 _aАгушевич
_4340
710 0 2 _aВоенная академия механизации и моторизации Красной Армии им. Сталина
_cМосква
_3RU\NLR\AUTH\880638360
_92696073
801 0 _aRU
_bNLR
_gpsbo
801 1 _aRU
_bELAR
_2rusmarc
852 _aNLR
_j33-9/3470
942 _cBOOK
980 _aNB